Top 15 Clipse Songs - Statistics

General Stats
  • This quiz has been taken 5 times
  • The average score is 5 of 15
Answer Stats
Hint Song Album Year % Correct
1 Grindin' Lord Willin' 2002
100%
5 Keys Open Doors Hell Hath No Fury 2006
100%
15 Momma I'm So Sorry Hell Hath No Fury 2006
75%
13 Virginia Lord Willin' 2002
75%
10 Cot Damn Lord Willin' 2002
50%
2 Mr. Me Too Hell Hath No Fury 2006
50%
7 Wamp Wamp (What It Do) Hell Hath No Fury 2006
25%
9 We Got It For Cheap Hell Hath No Fury 2006
25%
12 20K Money Making Brothers On The Corner We Got It 4 Cheap Vol. 3 2008
0%
6 I'm Good Til The Casket Drops 2009
0%
4 Popular Demand (Popeyes) Til The Casket Drops 2009
0%
8 Re-Up Intro We Got It 4 Cheap Vol. 2 2005
0%
14 Stuntin' Y'all We Got It 4 Cheap Vol. 1 2004
0%
11 The Funeral Exclusive Audio Footage Late '90's
0%
3 When The Last Time Lord Willin' 2002
0%
No matching quizzes found
Score Distribution
Percent of People with Each Score
Percentile by Number Answered
Your Score History
You have not taken this quiz